LEADER 01414nam a2200325 i 4500 001 991000151909707536 008 031202s2003 it 000 0 ita 020 $a8838727287 035 $ab12577200-39ule_inst 040 $aFac. Economia$bita 082 14$a350$212 082 0 $a342.4506620285 245 03$aIl protocollo informatico per la pubblica amministrazione :$borganizzazione ... /$ca cura di Domenico Piazza ; contributi di Giancarlo Butti ... [et al.] ; prefazione di Livio Zoffoli 260 $aSantarcangelo di Romagna (Rimini) :$bMaggioli,$c2003 300 $a234 p. ;$c24 cm 440 0$aProgetto ente locale ;$v140 500 $aSaggi 500 $aContiene riferimenti bibl. e appendice 500 $aIn 4. di cop.: Amministrazione management 650 4$aEnti pubblici$xArchivi$xAutomazione 650 4$aDocumenti amministrativi informatici 700 1 $aPiazza, Domenico 700 1 $aButti, Giancarlo 907 $a.b12577200$b23-02-12$c02-12-03 912 $a991000151909707536 945 $aLE019 A9 ARC A 40$g1$i2019000018241$lle019$op$pE0.00$q-$rl$s- $t0$u0$v0$w0$x0$y.i13547598$z22-06-04 945 $aLE025 ECO 350 PIA01.01$g1$i2025000092747$lle025$op$pE25.00$q-$rl$s- $t0$u10$v0$w10$x0$y.i13077338$z11-02-04 996 $aProtocollo informatico per la pubblica amministrazione$9254131 997 $aUNISALENTO 998 $ale019$a(2)le025$b02-12-03$cm$da $e-$fita$git $h3$i3 LEADER 01483nam0 22003613i 450 001 MIL0151853 005 20251003044226.0 010 $a8842039098 100 $a20130827d1992 ||||0itac50 ba 101 | $aita 102 $ait 181 1$6z01$ai $bxxxe 182 1$6z01$an 200 1 $aDentro la crisi all'est, all'ovest, in Italia$fSiro Lombardini 210 $aRoma ;Bari$cLaterza$d1992 215 $aXV, 168 p.$d18 cm. 225 | $aSaggi tascabili Laterza$v157 410 0$1001CFI0000433$12001 $aSaggi tascabili Laterza$v157 606 $aEconomia internazionale$x1980-1990$2FIR$3CFIC066372$9I 676 $a330$9ECONOMIA$v21 676 $a337$9ECONOMIA INTERNAZIONALE$v23 676 $a338.9$9SVILUPPO ECONOMICO$v21 696 $aEconomia mondiale 699 $aEconomia internazionale$zEconomia mondiale 700 1$aLombardini$b, Siro$3CFIV003404$4070$032589 801 3$aIT$bIT-000000$c20130827 850 $aIT-BN0095 901 $bNAP 01$cPOZZO LIB.$nVi sono collocati fondi di economia, periodici di ingegneria e scienze, periodici di economia e statistica e altri fondi comprendenti documenti di economia pervenuti in dono. 912 $aMIL0151853 950 0$aBiblioteca Centralizzata di Ateneo$c1 v.$d 01POZZO LIB.ECON MON 6233$e 0101 0070041015E VMA 1 v. (Precedente collocazione 4 Ec 101)$fB $h20220708$i20220708 977 $a 01 996 $aDentro la crisi$9195826 997 $aUNISANNIO